[Event "Campeonato España Sub 10"]
[Site "Salobreña"]
[Date "2017.07.07"]
[Round "8"]
[White "Fuertes Cirauqui, Pablo"]
[Black "Villanueva Marquez, Santiago"]
[Result "1-0"]
[Board "5"]
[WhiteClock "n/a"]
[WhiteElo "1415"]
[WhiteCountry "ESP"]
[WhiteFideId "24513598"]
[WhiteEloChange "13"]
[BlackClock "n/a"]
[BlackElo "1517"]
[BlackCountry "ESP"]
[BlackFideId "24560359"]
[BlackEloChange "-13"]

1. e4 {[%clk 1:30:30]} c5 {[%clk 1:30:00]} 2. c3 {[%clk 1:30:00]} d5 {[%clk
1:29:30]} 3. exd5 {[%clk 1:30:00]} Qxd5 {[%clk 1:28:59]} 4. d4 {[%clk 1:29:30]}
cxd4 {[%clk 1:28:30]} 5. cxd4 {[%clk 1:29:30]} Nc6 {[%clk 1:28:00]} 6. Nf3 {[%clk
1:28:58]} e6 {[%clk 1:27:31]} 7. Nc3 {[%clk 1:28:29]} Qd8 {[%clk 1:27:31]} 8. Be2
{[%clk 1:26:58]} Nf6 {[%clk 1:27:31]} 9. O-O {[%clk 1:23:28]} Be7 {[%clk
1:26:02]} 10. Bf4 {[%clk 1:22:57]} O-O {[%clk 1:23:32]} 11. a3 {[%clk 1:19:27]}
Bd7 {[%clk 1:22:03]} 12. Rc1 {[%clk 1:11:57]} Rc8 {[%clk 1:20:32]} 13. Re1 {[%clk
1:10:27]} a6 {[%clk 1:16:02]} 14. Ne5 {[%clk 1:07:57]} Re8 {[%clk 1:13:32]} 15.
Bf3 {[%clk 1:00:27]} Qb6 {[%clk 1:12:02]} 16. d5 {[%clk 0:52:58]} Nd4 {[%clk
1:08:30]} 17. Bg5 {[%clk 0:34:29]} Red8 {[%clk 0:54:00]} 18. Nxd7 {[%clk
0:23:59]} Rxd7 {[%clk 0:53:31]} 19. Bxf6 {[%clk 0:23:59]} Bxf6 {[%clk 0:53:00]}
20. Bg4 {[%clk 0:23:59]} Nf5 {[%clk 0:50:31]} 21. Bxf5 {[%clk 0:20:29]} exf5
{[%clk 0:50:00]} 22. Na4 {[%clk 0:20:29]} Rxc1 {[%clk 0:49:30]} 23. Re8# {[%clk
0:19:59]} 1-0

[Event "Campeonato España Sub 10"]
[Site "Salobreña"]
[Date "2017.07.07"]
[Round "8"]
[White "Del Prado Rodriguez, Xulio"]
[Black "Tudela Gonzalez, Victor"]
[Result "1-0"]
[Board "6"]
[WhiteClock "1:30"]
[WhiteElo "1444"]
[WhiteCountry "ESP"]
[WhiteFideId "24544418"]
[WhiteEloChange "9"]
[BlackClock "1:30"]
[BlackElo "1419"]
[BlackCountry "ESP"]
[BlackFideId "24528030"]
[BlackEloChange "-9"]

1. d4 {[%clk 1:30:00]} d5 {[%clk 1:30:00]} 2. c4 {[%clk 1:30:00]} e6 {[%clk
1:29:00]} 3. Nf3 {[%clk 1:28:29]} Nf6 {[%clk 1:28:00]} 4. cxd5 {[%clk 1:29:00]}
exd5 {[%clk 1:26:00]} 5. Bg5 {[%clk 1:28:00]} Be7 {[%clk 1:21:00]} 6. Nc3 {[%clk
1:27:00]} O-O {[%clk 1:16:00]} 7. e3 {[%clk 1:25:00]} b6 {[%clk 1:10:00]} 8. Bd3
{[%clk 1:23:00]} Bb7 {[%clk 1:06:00]} 9. O-O {[%clk 1:21:00]} Nbd7 {[%clk
1:01:00]} 10. Qc2 {[%clk 1:19:00]} h6 {[%clk 0:50:00]} 11. Bh4 {[%clk 1:13:00]}
c5 {[%clk 0:45:00]} 12. Rad1 {[%clk 1:07:00]} Ne4 {[%clk 0:42:00]} 13. Bxe7
{[%clk 1:03:00]} Qxe7 {[%clk 0:41:00]} 14. Bxe4 {[%clk 0:59:00]} dxe4 {[%clk
0:38:00]} 15. Nd2 {[%clk 0:58:00]} f5 {[%clk 0:36:00]} 16. Rfe1 {[%clk 0:55:00]}
Rac8 {[%clk 0:32:00]} 17. Qa4 {[%clk 0:47:00]} a6 {[%clk 0:30:00]} 18. Qb3+
{[%clk 0:41:00]} c4 {[%clk 0:26:00]} 19. Nxc4 {[%clk 0:40:00]} Bd5 {[%clk
0:26:00]} 20. Nxd5 {[%clk 0:41:00]} Qe6 {[%clk 0:25:00]} 21. Ncxb6 {[%clk
0:35:00]} Nxb6 {[%clk 0:22:00]} 22. Nxb6 {[%clk 0:34:00]} Qxb3 {[%clk 0:20:00]}
23. axb3 {[%clk 0:35:00]} Rc2 {[%clk 0:19:49]} 24. Nc4 {[%clk 0:34:00]} Rb8
{[%clk 0:19:31]} 25. Rd2 {[%clk 0:35:00]} Rxd2 {[%clk 0:19:21]} 26. Nxd2 {[%clk
0:35:00]} Rc8 {[%clk 0:19:12]} 27. h3 {[%clk 0:34:29]} Kf7 {[%clk 0:19:15]} 28.
Ra1 {[%clk 0:33:59]} Ra8 {[%clk 0:19:24]} 29. Ra5 {[%clk 0:36:00]} Ke6 {[%clk
0:19:39]} 30. b4 {[%clk 0:35:30]} Kf6 {[%clk 0:19:38]} 31. b5 {[%clk 0:35:30]}
Kg5 {[%clk 0:20:00]} 32. bxa6 {[%clk 0:35:30]} g6 {[%clk 0:20:00]} 33. a7 {[%clk
0:37:00]} Kh4 {[%clk 0:19:29]} 34. Nc4 {[%clk 0:37:00]} g5 {[%clk 0:19:29]} 35.
Nb6 {[%clk 0:36:30]} Rf8 {[%clk 0:19:29]} 36. a8Q {[%clk 0:36:30]} Rxa8 {[%clk
0:21:00]} 37. Rxa8 {[%clk 0:36:30]} f4 {[%clk 0:20:30]} 38. Rh8 {[%clk 0:38:00]}
Kh5 {[%clk 0:20:30]} 39. Rg8 {[%clk 0:38:00]} fxe3 {[%clk 0:22:00]} 40. fxe3
{[%clk 0:37:29]} g4 {[%clk 0:22:00]} 41. Rg7 {[%clk 0:36:59]} gxh3 {[%clk
0:22:00]} 42. gxh3 {[%clk 0:23:00]} Kh4 {[%clk 0:38:00]} 43. Rg4+ {[%clk
0:38:00]} Kh5 {[%clk 0:23:00]} 44. Rxe4 {[%clk 0:36:29]} Kg5 {[%clk 0:23:00]} 45.
h4+ {[%clk 0:36:29]} Kh5 {[%clk 0:24:00]} 46. Nd5 {[%clk 0:39:00]} Kg6 {[%clk
0:24:00]} 47. Re5 {[%clk 0:39:00]} h5 {[%clk 0:24:00]} 48. Rg5+ {[%clk 0:39:00]}
Kh6 {[%clk 0:25:00]} 49. Kf2 {[%clk 0:38:30]} Kh7 {[%clk 0:25:00]} 50. Kf3 {[%clk
0:40:00]} Kh6 {[%clk 0:25:00]} 51. Kf4 {[%clk 0:40:00]} Kh7 {[%clk 0:25:00]} 1-0

[Event "Campeonato España Sub 10"]
[Site "Salobreña"]
[Date "2017.07.07"]
[Round "8"]
[White "Diaz Mino, Daniel"]
[Black "Rodriguez Lopez, Sergio"]
[Result "1-0"]
[Board "7"]
[WhiteClock "1:30"]
[WhiteElo "1645"]
[WhiteCountry "ESP"]
[WhiteFideId "24520462"]
[WhiteEloChange "4"]
[BlackClock "1:30"]
[BlackElo "1376"]
[BlackCountry "ESP"]
[BlackFideId "24504777"]
[BlackEloChange "-4"]

1. e4 {[%clk 1:30:00]} e5 {[%clk 1:30:00]} 2. Nf3 {[%clk 1:29:30]} Nf6 {[%clk
1:31:00]} 3. Nxe5 {[%clk 1:29:00]} d6 {[%clk 1:30:30]} 4. Nf3 {[%clk 1:29:00]}
Nxe4 {[%clk 1:29:59]} 5. Nc3 {[%clk 1:30:00]} Nxc3 {[%clk 1:29:59]} 6. dxc3
{[%clk 1:29:30]} Nc6 {[%clk 1:29:59]} 7. Bb5 {[%clk 1:25:00]} Bd7 {[%clk
1:29:28]} 8. O-O {[%clk 1:24:30]} Be7 {[%clk 1:30:00]} 9. Re1 {[%clk 1:23:00]}
O-O {[%clk 1:31:00]} 10. Bf4 {[%clk 1:19:00]} Re8 {[%clk 1:28:00]} 11. Bc4 {[%clk
1:09:00]} Bg4 {[%clk 1:26:00]} 12. h3 {[%clk 1:06:00]} Bh5 {[%clk 1:25:00]} 13.
Qd5 {[%clk 0:58:00]} Bg6 {[%clk 1:24:00]} 14. Ng5 {[%clk 0:52:00]} Bxg5 {[%clk
1:22:00]} 15. Bxg5 {[%clk 0:51:00]} Qd7 {[%clk 1:21:29]} 16. Bd3 {[%clk 0:49:00]}
Bxd3 {[%clk 1:18:00]} 17. cxd3 {[%clk 0:49:00]} Rxe1+ {[%clk 1:17:28]} 18. Rxe1
{[%clk 0:50:00]} Re8 {[%clk 1:17:28]} 19. Be3 {[%clk 0:44:00]} h6 {[%clk
1:17:00]} 20. Qb3 {[%clk 0:31:00]} b6 {[%clk 1:17:00]} 21. d4 {[%clk 0:28:00]}
Na5 {[%clk 1:13:00]} 22. Qc2 {[%clk 0:22:00]} Nc4 {[%clk 1:12:30]} 23. Qc1 {[%clk
0:15:40]} Nxe3 {[%clk 1:12:00]} 24. Rxe3 {[%clk 0:15:56]} Rxe3 {[%clk 1:12:00]}
25. Qxe3 {[%clk 0:16:19]} Qe6 {[%clk 1:13:00]} 26. Qxe6 {[%clk 0:13:48]} fxe6
{[%clk 1:13:00]} 27. f4 {[%clk 0:11:54]} Kf7 {[%clk 1:12:30]} 28. Kf2 {[%clk
0:12:14]} Kf6 {[%clk 1:12:30]} 29. h4 {[%clk 0:10:57]} h5 {[%clk 1:12:00]} 30.
Kf3 {[%clk 0:09:06]} Kf5 {[%clk 1:13:00]} 31. g3 {[%clk 0:09:14]} d5 {[%clk
1:12:30]} 32. a4 {[%clk 0:06:42]} c6 {[%clk 1:07:00]} 33. b4 {[%clk 0:02:03]} a6
{[%clk 1:08:00]} 34. a5 {[%clk 0:02:12]} b5 {[%clk 1:08:00]} 35. Ke3 {[%clk
0:02:43]} Kg4 {[%clk 1:00:00]} 36. Kf2 {[%clk 0:03:02]} Kh3 {[%clk 0:58:00]} 37.
Kf3 {[%clk 0:03:19]} Kh2 {[%clk 0:56:00]} 38. Kf2 {[%clk 0:03:13]} g6 {[%clk
0:45:00]} 39. Kf3 {[%clk 0:03:29]} Kg1 {[%clk 0:44:00]} 40. g4 {[%clk 0:02:57]}
Kh2 {[%clk 0:44:00]} 41. gxh5 {[%clk 0:02:40]} gxh5 {[%clk 0:44:00]} 42. f5
{[%clk 0:02:31]} exf5 {[%clk 0:44:00]} 43. Kf4 {[%clk 0:02:48]} Kh3 {[%clk
0:43:30]} 44. Kxf5 {[%clk 0:02:49]} Kxh4 {[%clk 0:43:30]} 45. Ke6 {[%clk
0:01:40]} Kg3 {[%clk 0:45:00]} 46. Kd6 {[%clk 0:01:59]} h4 {[%clk 0:45:00]} 47.
Kxc6 {[%clk 0:02:22]} h3 {[%clk 0:46:00]} 48. Kb6 {[%clk 0:02:28]} h2 {[%clk
0:46:00]} 49. Kxa6 {[%clk 0:02:53]} h1Q {[%clk 0:00:53]} 50. Kxb5 {[%clk
0:43:00]} Qf1+ {[%clk 0:00:53]} 51. Kb6 {[%clk 0:43:00]} Qc4 {[%clk 0:00:53]} 52.
a6 {[%clk 0:42:29]} Qxc3 {[%clk 0:00:53]} 53. a7 {[%clk 0:42:29]} Qxd4+ {[%clk
0:00:53]} 54. Ka6 {[%clk 0:42:29]} Qxb4 {[%clk 0:00:53]} 55. a8Q {[%clk 0:41:59]}
Qa4+ {[%clk 0:00:53]} 56. Kb7 {[%clk 0:41:59]} Qxa8+ {[%clk 0:00:53]} 57. Kxa8
{[%clk 0:41:59]} d4 {[%clk 0:00:53]} 58. Ka7 {[%clk 0:35:29]} d3 {[%clk 0:00:53]}
59. Ka6 {[%clk 0:35:29]} d2 {[%clk 0:00:53]} 60. Kb5 {[%clk 0:34:59]} d1Q {[%clk
0:00:53]} 1-0

[Event "Campeonato España Sub 10"]
[Site "Salobreña"]
[Date "2017.07.07"]
[Round "8"]
[White "Ermachenko, Manuel"]
[Black "Cereijo Suarez, Alejandro"]
[Result "1-0"]
[Board "8"]
[WhiteClock "1:30"]
[WhiteElo "1678"]
[WhiteCountry "ESP"]
[WhiteFideId "24560952"]
[WhiteEloChange "2"]
[BlackClock "1:30"]
[BlackElo "1327"]
[BlackCountry "ESP"]
[BlackFideId "24596116"]
[BlackEloChange "-2"]

1. e4 {[%clk 1:30:00]} c5 {[%clk 1:30:00]} 2. Nf3 {[%clk 1:31:00]} e6 {[%clk
1:31:00]} 3. d4 {[%clk 1:31:00]} cxd4 {[%clk 1:31:00]} 4. Nxd4 {[%clk 1:32:00]}
a6 {[%clk 1:30:30]} 5. Bd3 {[%clk 1:31:00]} Qc7 {[%clk 1:30:00]} 6. O-O {[%clk
1:31:00]} Nf6 {[%clk 1:28:00]} 7. Nc3 {[%clk 1:30:00]} Be7 {[%clk 1:27:30]} 8.
Re1 {[%clk 1:29:30]} d6 {[%clk 1:27:00]} 9. Be3 {[%clk 1:29:00]} O-O {[%clk
1:25:00]} 10. Qd2 {[%clk 1:27:00]} b5 {[%clk 1:19:00]} 11. a4 {[%clk 1:27:00]}
bxa4 {[%clk 1:15:00]} 12. Rxa4 {[%clk 1:26:28]} Bb7 {[%clk 1:14:00]} 13. Rea1
{[%clk 1:26:00]} Nbd7 {[%clk 1:07:00]} 14. Nb3 {[%clk 1:20:00]} Ne5 {[%clk
0:56:00]} 15. Bxa6 {[%clk 1:09:00]} Nxe4 {[%clk 0:55:00]} 16. Nxe4 {[%clk
1:08:30]} Bxe4 {[%clk 0:54:29]} 17. Rxe4 {[%clk 1:08:00]} d5 {[%clk 0:52:00]} 18.
Rea4 {[%clk 1:09:00]} Ng4 {[%clk 0:50:30]} 1-0

[Event "Campeonato España Sub 10"]
[Site "Salobreña"]
[Date "2017.07.07"]
[Round "8"]
[White "Villagordo Espinosa, Carlos"]
[Black "Gasull Batiste, Aran"]
[Result "1-0"]
[Board "9"]
[WhiteClock "1:30"]
[WhiteElo "1527"]
[WhiteCountry "ESP"]
[WhiteFideId "24528943"]
[WhiteEloChange "4"]
[BlackClock "1:30"]
[BlackElo "1286"]
[BlackCountry "ESP"]
[BlackFideId "24585467"]
[BlackEloChange "-4"]

1. Nf3 {[%clk 1:30:00]} d5 {[%clk 1:26:00]} 2. c4 {[%clk 1:31:00]} c6 {[%clk
1:27:00]} 3. Qc2 {[%clk 1:31:00]} Nf6 {[%clk 1:25:00]} 4. g3 {[%clk 1:31:00]} g6
{[%clk 1:25:00]} 5. Bg2 {[%clk 1:30:28]} Bg7 {[%clk 1:25:00]} 6. O-O {[%clk
1:32:00]} Bf5 {[%clk 1:26:00]} 7. d3 {[%clk 1:32:00]} O-O {[%clk 1:25:00]} 8.
Nbd2 {[%clk 1:31:00]} Re8 {[%clk 1:24:00]} 9. Qb3 {[%clk 1:30:00]} Qb6 {[%clk
1:24:00]} 10. Qxb6 {[%clk 1:30:00]} axb6 {[%clk 1:23:30]} 11. a3 {[%clk 1:29:00]}
e6 {[%clk 1:22:00]} 12. Ne5 {[%clk 1:28:00]} Nbd7 {[%clk 1:21:29]} 13. Nxd7
{[%clk 1:27:30]} Nxd7 {[%clk 1:21:29]} 14. e4 {[%clk 1:27:30]} Ne5 {[%clk
1:21:00]} 15. exf5 {[%clk 1:26:59]} Nxd3 {[%clk 1:21:00]} 16. fxe6 {[%clk
1:27:00]} Nxc1 {[%clk 1:21:00]} 17. exf7+ {[%clk 1:27:00]} Kxf7 {[%clk 1:22:00]}
18. Raxc1 {[%clk 1:26:31]} Bxb2 {[%clk 1:22:00]} 19. Rb1 {[%clk 1:25:59]} Bxa3
{[%clk 1:22:00]} 20. cxd5 {[%clk 1:25:29]} Re2 {[%clk 1:22:00]} 21. dxc6 {[%clk
1:26:00]} Rxd2 {[%clk 1:21:30]} 22. cxb7 {[%clk 1:26:00]} Rb8 {[%clk 1:21:30]}
23. Ra1 {[%clk 1:25:29]} Bc5 {[%clk 1:21:00]} 24. Ra8 {[%clk 1:25:29]} Rdd8
{[%clk 1:21:00]} 25. Rfa1 {[%clk 1:25:00]} Ke6 {[%clk 1:18:00]} 26. Re1+ {[%clk
1:23:00]} Kf6 {[%clk 1:19:00]} 27. Rea1 {[%clk 1:23:00]} Re8 {[%clk 1:18:00]} 28.
h4 {[%clk 1:21:00]} Bd4 {[%clk 1:17:30]} 29. R1a4 {[%clk 1:20:00]} Bc5 {[%clk
1:17:00]} 30. Rf4+ {[%clk 1:19:30]} Kg7 {[%clk 1:16:30]} 31. Rfa4 {[%clk
1:19:30]} Kf6 {[%clk 1:15:59]} 32. Kh2 {[%clk 1:19:30]} Kg7 {[%clk 1:16:00]} 33.
Bh3 {[%clk 1:19:30]} Bxf2 {[%clk 1:15:00]} 34. Bc8 {[%clk 1:18:58]} Re3 {[%clk
1:14:30]} 35. Rg4 {[%clk 1:19:00]} h5 {[%clk 1:14:30]} 36. Rg5 {[%clk 1:18:29]}
Re2 {[%clk 1:14:30]} 37. Rxb8 {[%clk 1:17:58]} Be3+ {[%clk 1:14:00]} 38. Kh3
{[%clk 1:17:58]} Bg1 {[%clk 1:13:30]} 39. g4 {[%clk 1:17:28]} Be3 {[%clk
1:13:00]} 40. Ra8 {[%clk 1:16:58]} Bf4 {[%clk 1:13:00]} 41. gxh5 {[%clk 1:05:28]}
Rh2+ {[%clk 0:11:28]} 42. Kg4 {[%clk 0:40:59]} Bc7 {[%clk 0:10:58]} 43. b8Q
{[%clk 0:40:59]} Bxb8 44. Rxb8 {[%clk 0:40:29]} b5 45. Be6 {[%clk 0:40:29]} b4
46. Rb7+ {[%clk 0:40:29]} Kh8 1-0

[Event "Campeonato España Sub 10"]
[Site "Salobreña"]
[Date "2017.07.07"]
[Round "8"]
[White "Diaz Medina, Angelo"]
[Black "Herranz Suarez, David"]
[Result "1-0"]
[Board "10"]
[WhiteClock "1:30"]
[WhiteElo "1378"]
[WhiteCountry "ESP"]
[WhiteFideId "24562432"]
[WhiteEloChange "13"]
[BlackClock "1:30"]
[BlackElo "1502"]
[BlackCountry "ESP"]
[BlackFideId "24591211"]
[BlackEloChange "-13"]

1. e4 {[%clk 1:30:00]} c5 {[%clk 1:30:00]} 2. d4 {[%clk 1:31:00]} cxd4 {[%clk
1:31:00]} 3. c3 {[%clk 1:31:00]} dxc3 {[%clk 1:31:00]} 4. Nxc3 {[%clk 1:30:30]}
e5 {[%clk 1:31:00]} 5. Nf3 {[%clk 1:30:00]} Nc6 {[%clk 1:31:00]} 6. Bc4 {[%clk
1:29:29]} Bc5 {[%clk 1:30:30]} 7. Qd5 {[%clk 1:29:00]} Qe7 {[%clk 1:30:00]} 8.
Ng5 {[%clk 1:27:00]} Nh6 {[%clk 1:29:00]} 9. O-O {[%clk 1:16:00]} d6 {[%clk
1:28:00]} 10. Rd1 {[%clk 1:07:00]} O-O {[%clk 1:23:00]} 11. Nb5 {[%clk 1:06:00]}
Rd8 {[%clk 1:23:00]} 12. Nf3 {[%clk 0:49:00]} Be6 {[%clk 1:23:00]} 13. Qd3 {[%clk
0:48:00]} Bxc4 {[%clk 1:19:00]} 14. Qxc4 {[%clk 0:47:30]} Rac8 {[%clk 1:18:00]}
15. Bg5 {[%clk 0:46:00]} Qf8 {[%clk 1:17:00]} 16. Bxd8 {[%clk 0:46:00]} Nxd8
{[%clk 1:16:30]} 17. Qd3 {[%clk 0:41:00]} Ng4 {[%clk 1:16:00]} 18. Rd2 {[%clk
0:39:00]} Rc6 {[%clk 1:14:29]} 19. Rc1 {[%clk 0:35:00]} a6 {[%clk 1:13:58]} 20.
Nc3 {[%clk 0:36:00]} Ne6 {[%clk 1:13:29]} 21. Rdc2 {[%clk 0:30:00]} Nf4 {[%clk
1:15:00]} 22. Qd1 {[%clk 0:29:00]} g6 {[%clk 1:10:00]} 23. Nd5 {[%clk 0:25:00]}
Ne6 {[%clk 1:08:00]} 24. h3 {[%clk 0:23:00]} Nh6 {[%clk 1:07:00]} 25. b4 {[%clk
0:23:00]} Ba7 {[%clk 1:06:00]} 26. Rxc6 {[%clk 0:22:29]} bxc6 {[%clk 1:05:00]}
27. Rxc6 {[%clk 0:22:29]} f5 {[%clk 1:04:00]} 28. exf5 {[%clk 0:21:59]} Qxf5
{[%clk 1:03:30]} 29. Ne7+ {[%clk 0:21:59]} 1-0

[Event "Campeonato España Sub 10"]
[Site "Salobreña"]
[Date "2017.07.07"]
[Round "8"]
[White "Serrano Almendros, Angel"]
[Black "Fernandez Rosado, Roberto"]
[Result "0-1"]
[Board "12"]
[WhiteClock "1:30"]
[WhiteElo "1269"]
[WhiteCountry "ESP"]
[WhiteFideId "24561584"]
[WhiteEloChange "-6"]
[BlackClock "1:30"]
[BlackElo "1436"]
[BlackCountry "ESP"]
[BlackFideId "24594016"]
[BlackEloChange "6"]

1. e4 {[%clk 1:30:00]} e5 {[%clk 1:30:00]} 2. Nf3 {[%clk 1:31:00]} Nc6 {[%clk
1:31:00]} 3. Bc4 {[%clk 1:30:30]} Nf6 {[%clk 1:31:00]} 4. Ng5 {[%clk 1:30:30]} d5
{[%clk 1:31:00]} 5. exd5 {[%clk 1:30:00]} Na5 {[%clk 1:32:00]} 6. Bb5+ {[%clk
1:28:29]} c6 {[%clk 1:32:00]} 7. dxc6 {[%clk 1:28:29]} bxc6 {[%clk 1:32:00]} 8.
Qf3 {[%clk 1:28:29]} Bb7 {[%clk 1:30:30]} 9. Bd3 {[%clk 1:30:00]} h6 {[%clk
1:29:00]} 10. Ne4 {[%clk 1:29:00]} Be7 {[%clk 1:28:00]} 11. a3 {[%clk 1:28:30]}
c5 {[%clk 1:25:00]} 12. Nxf6+ {[%clk 1:28:30]} Bxf6 {[%clk 1:24:31]} 13. Bb5+
{[%clk 1:28:30]} Kf8 {[%clk 1:23:59]} 14. Qc3 {[%clk 1:28:00]} Bxg2 {[%clk
1:24:00]} 15. Rg1 {[%clk 1:28:00]} Bd5 {[%clk 1:23:00]} 16. Qe3 {[%clk 1:25:00]}
Qb6 {[%clk 1:22:00]} 17. Nc3 {[%clk 1:24:29]} Bc6 {[%clk 1:19:00]} 18. Bxc6
{[%clk 1:23:58]} Qxc6 {[%clk 1:18:31]} 19. Qe4 {[%clk 1:24:00]} Qxe4+ {[%clk
1:18:31]} 20. Nxe4 {[%clk 1:24:00]} Be7 {[%clk 1:18:31]} 21. d3 {[%clk 1:24:00]}
Nc6 {[%clk 1:18:01]} 22. Be3 {[%clk 1:23:30]} Nd4 {[%clk 1:20:00]} 23. O-O-O
{[%clk 1:25:00]} Ne2+ {[%clk 1:20:00]} 24. Kb1 {[%clk 1:25:00]} Nxg1 {[%clk
1:20:00]} 25. Rxg1 {[%clk 1:24:30]} Rc8 {[%clk 1:20:00]} 26. Nc3 {[%clk 1:23:59]}
a6 {[%clk 1:18:30]} 27. Nd5 {[%clk 1:23:59]} g6 {[%clk 1:18:30]} 28. Nb6 {[%clk
1:23:59]} Rc7 {[%clk 1:17:00]} 29. Nd5 {[%clk 1:24:00]} Rd7 {[%clk 1:19:00]} 30.
Nxe7 {[%clk 1:24:00]} Kxe7 {[%clk 1:19:00]} 31. Bxc5+ {[%clk 1:23:28]} Ke6 {[%clk
1:20:00]} 32. Re1 {[%clk 1:23:28]} f6 {[%clk 1:19:31]} 33. Re4 {[%clk 1:23:28]}
Rc8 {[%clk 1:18:01]} 34. Bb4 {[%clk 1:23:28]} Rd4 {[%clk 1:18:01]} 35. Re1 {[%clk
1:23:00]} Rh4 {[%clk 1:17:30]} 36. Rh1 {[%clk 1:21:29]} Rd8 {[%clk 1:17:30]} 37.
Bc3 {[%clk 1:21:29]} Kf5 {[%clk 1:17:30]} 38. Bd2 {[%clk 1:22:00]} Rdd4 {[%clk
1:17:00]} 39. Be3 {[%clk 1:20:00]} Rdg4 {[%clk 1:16:31]} 40. b3 {[%clk 1:19:00]}
Rg2 {[%clk 1:16:02]} 41. h3 {[%clk 1:19:00]} g5 {[%clk 1:15:31]} 42. c4 {[%clk
1:19:00]} Ke6 {[%clk 1:16:00]} 43. c5 {[%clk 1:18:00]} g4 {[%clk 1:16:00]} 44.
Rc1 {[%clk 1:16:00]} gxh3 {[%clk 1:15:00]} 45. c6 {[%clk 1:17:00]} Rg8 {[%clk
1:15:00]} 46. f3 {[%clk 1:15:00]} h2 {[%clk 1:15:00]} 47. Rh1 {[%clk 1:16:00]}
Rc8 {[%clk 1:15:00]} 48. Bf2 {[%clk 1:15:30]} Rh3 {[%clk 1:15:00]} 49. Kb2 {[%clk
1:15:30]} Rxc6 {[%clk 1:14:28]} 50. a4 {[%clk 1:15:30]} Rc8 {[%clk 1:16:00]} 51.
Bb6 {[%clk 1:15:30]} Rg8 {[%clk 1:15:31]} 52. Ka3 {[%clk 1:15:30]} Rg2 {[%clk
1:15:31]} 53. Kb4 {[%clk 1:17:00]} Rxf3 {[%clk 1:17:00]} 54. Ka5 {[%clk 1:16:29]}
Rxd3 {[%clk 1:17:00]} 55. b4 {[%clk 1:16:29]} Ra2 {[%clk 1:17:00]} 56. Bc5 {[%clk
1:15:59]} Rda3 {[%clk 1:16:30]} 57. Kxa6 {[%clk 1:15:59]} Rxa4+ {[%clk 1:18:00]}
58. Kb6 {[%clk 1:15:59]} R4a3 {[%clk 1:18:00]} 59. b5 {[%clk 1:15:30]} Rg3 {[%clk
1:18:00]} 60. Kb7 {[%clk 1:14:59]} f5 {[%clk 1:18:00]} 61. Ba7 {[%clk 1:14:28]}
Rb2 {[%clk 1:17:31]} 62. b6 {[%clk 1:14:28]} Rg1 {[%clk 1:19:00]} 63. Rxg1 {[%clk
1:14:28]} hxg1Q {[%clk 1:17:29]} 64. Ka8 {[%clk 1:14:28]} Qg2+ {[%clk 1:17:29]}
65. Kb8 {[%clk 1:18:00]} Qg8+ {[%clk 1:18:00]} 66. Kb7 {[%clk 1:18:00]} Qf7+
{[%clk 1:19:00]} 67. Ka8 {[%clk 1:17:30]} Qe8+ {[%clk 1:19:00]} 68. Kb7 {[%clk
1:17:30]} Qd7+ {[%clk 1:19:00]} 69. Ka8 {[%clk 1:17:30]} Qc8+ {[%clk 1:20:00]}
70. Bb8 {[%clk 1:19:00]} Ra2# {[%clk 1:20:00]} 0-1

[Event "Campeonato España Sub 10"]
[Site "Salobreña"]
[Date "2017.07.07"]
[Round "8"]
[White "Horcajuelo Rocamora, Martin"]
[Black "Riezu Resano, Javier"]
[Result "1-0"]
[Board "13"]
[WhiteClock "1:30"]
[WhiteElo "1421"]
[WhiteCountry "ESP"]
[WhiteFideId "24573027"]
[WhiteEloChange "4"]
[BlackClock "1:30"]
[BlackElo "1201"]
[BlackCountry "ESP"]
[BlackFideId "24543551"]
[BlackEloChange "-4"]

1. e4 {[%clk 1:30:00]} c5 {[%clk 1:30:00]} 2. Nf3 {[%clk 1:31:00]} Nc6 {[%clk
1:29:30]} 3. c3 {[%clk 1:31:00]} d5 {[%clk 1:31:00]} 4. exd5 {[%clk 1:31:00]}
Qxd5 {[%clk 1:30:30]} 5. d4 {[%clk 1:31:00]} Bf5 {[%clk 1:28:58]} 6. Be2 {[%clk
1:31:00]} cxd4 {[%clk 1:30:00]} 7. cxd4 {[%clk 1:31:00]} Bxb1 {[%clk 1:30:00]} 8.
Rxb1 {[%clk 1:30:30]} e6 {[%clk 1:30:00]} 9. O-O {[%clk 1:30:00]} g6 {[%clk
1:26:00]} 10. Be3 {[%clk 1:28:00]} Bg7 {[%clk 1:27:00]} 11. b3 {[%clk 1:27:00]}
Nge7 {[%clk 1:26:28]} 12. Bc4 {[%clk 1:26:00]} Qd6 {[%clk 1:26:00]} 13. Qd2
{[%clk 1:25:00]} O-O {[%clk 1:27:00]} 14. Rfd1 {[%clk 1:24:00]} Rfd8 {[%clk
1:25:00]} 15. Bf4 {[%clk 1:18:00]} Qb4 {[%clk 1:23:00]} 16. Qxb4 {[%clk 1:11:00]}
Nxb4 {[%clk 1:22:00]} 17. a3 {[%clk 1:05:00]} Nbc6 {[%clk 1:21:00]} 18. Be3
{[%clk 1:03:00]} Rd7 {[%clk 1:20:00]} 19. Rd2 {[%clk 1:02:00]} Rad8 {[%clk
1:11:00]} 20. Rbd1 {[%clk 1:02:00]} h6 {[%clk 1:10:00]} 21. b4 {[%clk 0:59:00]}
a6 {[%clk 1:04:00]} 22. Bb3 {[%clk 0:51:00]} Kh7 {[%clk 0:47:00]} 23. h3 {[%clk
0:39:00]} Kg8 {[%clk 0:42:00]} 24. Kf1 {[%clk 0:33:00]} e5 {[%clk 0:39:00]} 25.
Rd3 {[%clk 0:28:00]} Rd5 {[%clk 0:40:00]} 26. R3d2 {[%clk 0:25:00]} e4 {[%clk
0:37:00]} 27. Ne1 {[%clk 0:24:29]} f5 {[%clk 0:35:00]} 28. Nc2 {[%clk 0:23:00]}
g5 {[%clk 0:34:00]} 29. f3 {[%clk 0:20:00]} f4 {[%clk 0:34:00]} 30. fxe4 {[%clk
0:19:24]} fxe3 {[%clk 0:33:34]} 31. exd5 {[%clk 0:18:59]} exd2 {[%clk 0:33:34]}
32. dxc6+ {[%clk 0:18:59]} 1-0